| 000 | 00585aam a2200181 4500 | ||
|---|---|---|---|
| 005 | 20160902153142.0 | ||
| 008 | 150311b xxu||||| |||| 00| 0 spa d | ||
| 041 | _aspa | ||
| 082 | _a621.381.5 C965e | ||
| 100 |
_aCuesta García, Luis Miguel _94773 |
||
| 100 |
_aGil Padilla, Antonio _917696 |
||
| 100 |
_aRemiro Domínguez, Fernando _94775 |
||
| 245 | _aElectrónica digital: Algebra de Boole, Circuitos combinacionales y secuenciales, Automatismos, memorias | ||
| 260 |
_aEspaña _bMcGraw-Hill _c1992 |
||
| 300 | _a443 páginas | ||
| 650 |
_aELECTRONICA DIGITAL _91843 |
||
| 942 | _cBK | ||
| 999 |
_c3863 _d3863 |
||